| 000 | 01473cam a2200265 4500 | ||
|---|---|---|---|
| 001 | ABS64704 | ||
| 008 | 011101n2001 000 0 eng u | ||
| 035 | _a(Sirsi) u115431 | ||
| 100 | _aIles, A | ||
| 245 | _aIssuing possession warrants | ||
| 260 | _c2001 | ||
| 490 |
_aNew Law Journal _v151(7004) 19 October 2001, 1546-1550(2) |
||
| 520 | _aConsiders whether the county court procedure for issuing possession warrants for land comply with the Human Rights Act 1998. Examines the recent case, "St Brice v Southwark LBC" in which the tenant argued that to comply with the European Convention on Human Rights (ECHR) Articles 6 and 8, the issue of the warrant of possession should have been a judicial rather than administrative act and he should have received formal notice. It was found that the procedure was not in breach of the ECHR and that seeking the eviction of the tenant was justified due to the level of rent arrears. | ||
| 590 | _aABS | ||
| 650 | _aPOSSESSION ORDERS | ||
| 650 | _aWARRANTY FOR POSSESSION | ||
| 650 | _aEVICTION | ||
| 650 | _aST BRICE AND ANOTHER V SOUTHWARK LBC | ||
| 650 | _aHUMAN RIGHTS ACT 1998 | ||
| 650 | _aCONVENTION FOR THE PROTECTION OF HUMAN RIGHTS AND FUNDAMENTAL FREEDOMS ART 6 | ||
| 650 | _aHOUSING ACT 1985 | ||
| 650 | _aCONVENTION FOR THE PROTECTION OF HUMAN RIGHTS AND FUNDAMENTAL FREEDOMS ART 8 | ||
| 690 | _aPROPERTY-RESIDENTIAL PROPERTY-RESIDENTIAL LANDLORD AND TENANT-RESIDENTIAL TENANCIES | ||
| 942 | _n0 | ||
| 999 |
_c68745 _d68745 |
||